|
|
|
|
| LEADER |
00000nab a2200000 a 4500 |
| 001 |
vtls000800697 |
| 003 |
SK-MaSNL |
| 005 |
20260303191113.0 |
| 008 |
180206c2002 xo 0 slo |
| 015 |
|
|
|a SNBRB2002/07-23101
|
| 035 |
|
|
|a CLN000152352
|
| 040 |
|
|
|a SNKBUCL
|b slo
|c SNKBUCL
|e AACR2
|
| 041 |
0 |
|
|a slo
|
| 044 |
|
|
|a xo
|c SK
|
| 080 |
|
|
|a 327(437.6):327.51(100)
|2 UDC-MRF-SK2
|
| 080 |
|
|
|a 323(437.6):324
|2 UDC-MRF-SK2
|
| 080 |
|
|
|a 327.51(100)
|2 UDC-MRF-SK2
|
| 100 |
1 |
|
|a Kostolný, Matúš,
|d 1975-
|4 aut
|9 17275
|
| 245 |
1 |
0 |
|a [NATO a Slovensko]
|c pripravil Matúš Kostolný
|
| 505 |
1 |
|
|a Varovanie NATO na Slovensku zaúčinkovalo -- Nové NATO, staré hodnoty
|
| 610 |
|
7 |
|a NATO
|x Slovensko
|2 snkbucl
|9 847069
|
| 610 |
|
7 |
|a NATO
|x rozširovanie
|2 snkbucl
|9 13272
|
| 650 |
0 |
7 |
|a voľby parlamentné
|z Slovensko
|x vývoj
|x tlač zahraničná
|x ohlasy
|2 snkbucl
|9 1220199
|
| 655 |
|
7 |
|a články z novín a časopisov
|2 snkbucl
|9 267496
|
| 773 |
0 |
|
|t Mosty
|g Roč. 11, č. 12 (2002), s. 7
|
| 850 |
|
|
|a Slovenská národná knižnica v Martine
|
| 852 |
|
|
|a SNK
|b KIS3GCP
|
| 958 |
|
|
|a RBX
|
| 999 |
|
|
|c 2139409
|d 2141339
|